000 00543nam a22001577a 4500
999 _c534499
_d534499
020 _qHard Cover.
082 _a660
100 _aMuhammad Junaid Afzal
245 _aFunctionalized Graphene Oxide-TiO2 Nanotube Composites for Water Purification/Disinfection /
_cMuhammad Junaid Afzal.
260 _aIslamabad:
_bSCME - NUST,
_c2017.
300 _a54 p. :
_bill. ;
_c30cm.
942 _2ddc
_cTHE
650 _aChemical Engineering MS-Thesis.
_916130
700 _aDr. Erum Pervaiz
_916393